Technology and Finance /

The benefits from financial development are known to vary across industries. However, no systematic effort has been made to determine the technological characteristics that are shared by industries that tend to grow relatively faster in more financially developed countries. This paper explores a ran...

Fuld beskrivelse

Bibliografiske detaljer
Hovedforfatter: Ilyina, Anna
Andre forfattere: Samaniego, Roberto
Format: Tidsskrift
Sprog:English
Udgivet: Washington, D.C. : International Monetary Fund, 2008.
Serier:IMF Working Papers; Working Paper ; No. 2008/182
Online adgang:Full text available on IMF
LEADER 01769cas a2200253 a 4500
001 AALejournalIMF005192
008 230101c9999 xx r poo 0 0eng d
020 |c 5.00 USD 
020 |z 9781451870404 
022 |a 1018-5941 
040 |a BD-DhAAL  |c BD-DhAAL 
100 1 |a Ilyina, Anna. 
245 1 0 |a Technology and Finance /  |c Anna Ilyina, Roberto Samaniego. 
264 1 |a Washington, D.C. :  |b International Monetary Fund,  |c 2008. 
300 |a 1 online resource (42 pages) 
490 1 |a IMF Working Papers 
500 |a <strong>Off-Campus Access:</strong> No User ID or Password Required 
500 |a <strong>On-Campus Access:</strong> No User ID or Password Required 
506 |a Electronic access restricted to authorized BRAC University faculty, staff and students 
520 3 |a The benefits from financial development are known to vary across industries. However, no systematic effort has been made to determine the technological characteristics that are shared by industries that tend to grow relatively faster in more financially developed countries. This paper explores a range of technological characteristics that might underpin differences across industries in the need or the ability to raise external funding. The main finding is that industries that grow faster in more financially developed countries tend to display greater R and D intensity or investment lumpiness, indicating that well-functioning financial markets direct resources towards industries that grow by performing R and D. 
538 |a Mode of access: Internet 
700 1 |a Samaniego, Roberto. 
830 0 |a IMF Working Papers; Working Paper ;  |v No. 2008/182 
856 4 0 |z Full text available on IMF  |u http://elibrary.imf.org/view/journals/001/2008/182/001.2008.issue-182-en.xml  |z IMF e-Library